| 000 | 00563cam a22002291 4500 | ||
|---|---|---|---|
| 001 | sa 68010798 | ||
| 003 | DLC | ||
| 005 | 20260227112555.0 | ||
| 008 | 890725m19689999ii b 000 0 maro | ||
| 010 | _asa 68010798 | ||
| 035 | _a(OCoLC)20068865 | ||
| 040 |
_aDLC _cWaU _dDLC |
||
| 042 | _apremarc | ||
| 050 | 0 | 0 |
_aJA98.K38 _bH37 |
| 100 | 1 |
_aHardas, Balshastri, _d1918-1968. |
|
| 245 | 1 | 0 | _aĀrya Cāṇakya. |
| 260 | _c[1968- | ||
| 300 |
_a1 v. _c23 cm. |
||
| 500 | _aIn Marathi. | ||
| 504 | _aBibliography: v. 1: p. [348]-352. | ||
| 600 | 0 | 0 | _aKauṭalya. |
| 999 |
_c83556 _d83556 |
||